Antonio Maura / (Record no. 116380)

MARC details
000 -LEADER
campo de control de longitud fija 00691nam a2200205 4500
001 - NÚMERO DE CONTROL
campo de control 116380
003 - IDENTIFICADOR DE NÚMERO DE CONTROL
campo de control ES-MaACL
005 - FECHA Y HORA DE LA ÚLTIMA TRANSACCIÓN
campo de control 20240509155841.0
007 - CAMPO FIJO DE DESCRIPCIÓN FÍSICA--INFORMACIÓN GENERAL
campo de control de longitud fija t|
008 - DATOS DE LONGITUD FIJA--INFORMACIÓN GENERAL
campo de control de longitud fija 061121s1928 sp r ||||1| spa d
100 1# - ENTRADA PRINCIPAL--NOMBRE DE PERSONA
Nombre de persona Ossorio y Gallardo, Ángel,
Fechas asociadas al nombre 1873-1946
9 (RLIN) 138613
245 10 - MENCIÓN DEL TÍTULO
Título Antonio Maura /
Mención de responsabilidad, etc. Angel Ossorio y Gallardo.
260 ## - PUBLICACIÓN, DISTRIBUCIÓN, ETC.
Lugar de publicación, distribución, etc. Salamanca :
Nombre del editor, distribuidor, etc. [s.n.],
Fecha de publicación, distribución, etc. 1928 (
Fabricante Imp. de Nuñez)
300 ## - DESCRIPCIÓN FÍSICA
Extensión 24 p. ;
Dimensiones 18 cm.
490 1# - MENCIÓN DE SERIE
Mención de serie Estudios políticos, sociales y económicos ;
Designación de volumen o secuencia 4
600 14 - PUNTO DE ACCESO ADICIONAL DE MATERIA--NOMBRE DE PERSONA
Nombre de persona Maura y Montaner, Antonio,
Fechas asociadas al nombre 1853-1925
9 (RLIN) 79224
830 0# - PUNTO DE ACCESO ADICIONAL DE SERIE-TÍTULO UNIFORME
Título uniforme Estudios políticos, sociales y económicos ;
Designación de volumen o secuencia 4
9 (RLIN) 186367
852 ## - LOCALIZACIÓN
Ubicación ES-MaACL
Número de control de estantería 1736-F-8
Holdings
Estatus retirado Estado de pérdida Estado de daño No para préstamo Colección Biblioteca de origen Biblioteca actual Ubicación en estantería Fecha de adquisición Fuente de adquisición Total de préstamos Signatura topográfica completa Código de barras Visto por última vez Precio de reemplazo Tipo de ítem Koha
        Colección de folletos Biblioteca del Ateneo de Madrid Biblioteca del Ateneo de Madrid Depósito folletos 17/01/2008     1736-F-8 1121358 23/02/2023 23/02/2023 Folleto